01408nam a2200265Ia 4500001000600000003000900006008004100015040001300056040001300069041001300082100002300095100002900118245003000147245003000177250001100207260001200218260001500230260004900245300005600294500064200350650003600992650003101028700002901059700005401088H2985IT-RoPAU130308s9999 xx 000 0 und d aIT-RoPAU cIT-RoPAU aITALIANO aDi Napoli Giuseppe gCodice Aut. SPICS: 57177 aSegno forma spazio colore bSegno Forma Spazio Colore a1a ed. aBOLOGNA bZanichelli c1999 [1° Ed.:1999 - Ed.Ling.Originale:1995] a"448 p. (prefazione: 10; testo: 438 [pagine: 0-0])" a"Parte Prima: Il Segno di Giuseppe di Napoli: I Segni e la Natura; I Segni e la Percezione; Il Linguaggio del Segno Grafico; Etimo e Concetti. parte Seconda: la Forma di Marco Mirzan: Forma nella Natura; Percezione della Forma; Linguaggio della Forma; Storia del Concetto di Forma. parte Terza: Lo Spazio di Paolo Modica: Spazio e Tempo nella Natura; Percezione Dello Spazio e del Tempo; Spazio e Tempo nel Linguaggio Artistico; Concetto di Spazio e Tempo. parte Quarta: Il Colore: Il colore della Natura di P. Modica; Percezione del colore di M. Mirzan; Linguaggio del colore pittorico di G. Di Napoli; Concetto di colore di P. Modica." aTEORIA/LINGUAGGI DI ESTETOLOGIA eCodice materia Spics: 5103 aMirzan MarcoModica Paolo gCodice Aut. SPICS: 57178Codice Aut. SPICS: 57179